Statistics for Five Most Populated Countries by Hemisphere

Click here to take the quiz!

General Stats

  • This quiz has been taken 37,201 times
  • The average score is 16 of 20

Answer Stats

Population Country % Correct
331 milUnited States
100%
1,439 milChina
99%
1,380 milIndia
98%
128 milMexico
98%
212 milBrazil
98%
45 milArgentina
94%
59 milSouth Africa
89%
273 milIndonesia
89%
19 milChile
88%
32 milPeru
87%
48 milColombia
85%
65 milUnited Kingdom
80%
53 milD.R. Congo
77%
220 milPakistan
74%
46 milSpain
74%
15 milEcuador
72%
206 milNigeria
67%
164 milBangladesh
61%
59 milTanzania
57%
53 milKenya
53%

Score Distribution

Percentile by Number Answered

Percent of People with Each Score

Your Score History

You have not taken this quiz